[Event "Paul Keres mem (37th)"]
[Site "Richmond CAN"]
[Date "2012.05.21"]
[Round "5.7"]
[White "Corper, Adam"]
[Black "Lo, Ryan"]
[Result "1/2-1/2"]
[WhiteElo "2100"]
[BlackElo "2013"]
[PlyCount "42"]
[GameId "2160767909509332"]
[EventDate "2012.05.19"]
[EventType "swiss"]
[EventRounds "6"]
[EventCountry "CAN"]

1. d4 Nf6 2. Bg5 Ne4 3. Bf4 d5 4. e3 g6 5. c4 c6 6. Bd3 Bg7 7. Bxe4 dxe4 8. Nc3 f5 9. f3 exf3 10. Nxf3 Be6 11. Qe2 Nd7 12. O-O O-O 13. Ng5 Bf7 14. Rad1 Qe8 15. e4 e5 16. dxe5 Nxe5 17. Nxf7 Rxf7 18. exf5 Rxf5 19. Bg3 Qe6 20. Rxf5 Qxf5 21. Ne4 b6 1/2-1/2

[Event "Paul Keres mem (37th)"]
[Site "Richmond CAN"]
[Date "2012.05.21"]
[Round "5.8"]
[White "Wu, Howard"]
[Black "Awatramani, Janak"]
[Result "1/2-1/2"]
[WhiteElo "2154"]
[BlackElo "2011"]
[PlyCount "38"]
[GameId "2160767909509333"]
[EventDate "2012.05.19"]
[EventType "swiss"]
[EventRounds "6"]
[EventCountry "CAN"]

1. e4 b6 2. d4 Bb7 3. Bd3 e6 4. Nf3 Be7 5. O-O d5 6. exd5 Bxd5 7. Nc3 Bb7 8. Ne5 Nf6 9. Bb5+ c6 10. Qf3 O-O 11. Be3 Qc8 12. Bd3 c5 13. Qh3 cxd4 14. Bxd4 Rd8 15. Be3 Nbd7 16. Nxd7 Qxd7 17. Rad1 Qc6 18. Be2 Rxd1 19. Rxd1 Rd8 1/2-1/2

[Event "Paul Keres mem (37th)"]
[Site "Richmond CAN"]
[Date "2012.05.21"]
[Round "5.9"]
[White "Herdin, Matthew"]
[Black "Villavieja, Butch"]
[Result "0-1"]
[WhiteElo "1876"]
[BlackElo "2337"]
[PlyCount "72"]
[GameId "2160767909509334"]
[EventDate "2012.05.19"]
[EventType "swiss"]
[EventRounds "6"]
[EventCountry "CAN"]

1. e4 c5 2. Nf3 d6 3. d4 cxd4 4. Nxd4 Nf6 5. Nc3 g6 6. Be3 Bg7 7. f3 O-O 8. Bc4 Nc6 9. Qd2 Bd7 10. O-O-O Rb8 11. h4 Na5 12. Be2 b5 13. Bh6 Nc4 14. Bxc4 bxc4 15. Bxg7 Kxg7 16. Rdg1 Qb6 17. g4 Qxb2+ 18. Kd1 h5 19. Ke2 Qa3 20. gxh5 Nxh5 21. Nf5+ Bxf5 22. exf5 Qc5 23. Rg5 Qe5+ 24. Kf2 Qf4 25. Qd1 f6 26. Rxg6+ Kh7 27. Nd5 Qxf5 28. Rhg1 Rb2 29. Qd2 Nf4 30. Rg7+ Kh8 31. Rg8+ Rxg8 32. Rxg8+ Kh7 33. Ne3 Qh3 34. Rg4 Qh2+ 35. Ng2 Nh3+ 36. Ke2 Qg1 0-1

[Event "Paul Keres mem (37th)"]
[Site "Richmond CAN"]
[Date "2012.05.21"]
[Round "5.13"]
[White "Cao, Jason"]
[Black "Erichsen, Dan"]
[Result "1/2-1/2"]
[WhiteElo "2057"]
[BlackElo "2083"]
[PlyCount "90"]
[GameId "2160767909509336"]
[EventDate "2012.05.19"]
[EventType "swiss"]
[EventRounds "6"]
[EventCountry "CAN"]

1. e4 e5 2. Nf3 Nc6 3. Bb5 a6 4. Ba4 Nf6 5. O-O b5 6. Bb3 Be7 7. Re1 d6 8. c3 O-O 9. h3 Na5 10. Bc2 c5 11. d4 cxd4 12. cxd4 Nc6 13. d5 Nb8 14. Nbd2 Nbd7 15. b4 Nb6 16. Nb3 Bd7 17. Bd3 Rc8 18. Na5 Re8 19. Qb3 Bf8 20. Be3 Na4 21. Rac1 Nh5 22. Rxc8 Bxc8 23. Bg5 f6 24. Be3 Qd7 25. g4 Nf4 26. Bxf4 exf4 27. Nd4 h5 28. f3 Qf7 29. Rc1 hxg4 30. hxg4 Nb6 31. Rc6 Qa7 32. Kg2 Bd7 33. Rc1 Nc4 34. Nxc4 Qxd4 35. Na5 Qe3 36. Rc7 Bxg4 37. fxg4 f3+ 38. Kf1 Rxe4 39. Qc3 f5 40. Rc8 Rxg4 41. Rxf8+ Kxf8 42. Qc8+ Kf7 43. Qxf5+ Ke8 44. Qc8+ Kf7 45. Qf5+ Ke8 1/2-1/2

[Event "Paul Keres mem (37th)"]
[Site "Richmond CAN"]
[Date "2012.05.21"]
[Round "6"]
[White "Laceste, Loren"]
[Black "Doroshenko, Maxim"]
[Result "1/2-1/2"]
[WhiteElo "2292"]
[BlackElo "2332"]
[PlyCount "85"]
[GameId "2160767909509337"]
[EventDate "2012.05.19"]
[EventType "swiss"]
[EventRounds "6"]
[EventCountry "CAN"]
[SourceTitle "CBM 148 Extra"]
[Source "ChessBase"]
[SourceDate "2012.06.22"]
[SourceVersion "1"]
[SourceVersionDate "2012.06.22"]
[SourceQuality "1"]

1. d4 Nf6 2. Nf3 e6 3. b3 Bb4+ 4. c3 Be7 5. g3 b6 6. Bg2 Bb7 7. O-O c5 8. Nbd2 O-O 9. Bb2 d6 10. c4 cxd4 11. Nxd4 Bxg2 12. Kxg2 Qc7 13. N2f3 Na6 14. Rc1 Nc5 15. Qc2 Qb7 16. Kg1 Nce4 17. b4 Rfc8 18. b5 Rc5 19. Nc6 Bf8 20. Bd4 Rxc6 21. bxc6 Qxc6 22. Nd2 Nxd2 23. Qxd2 Nd7 24. Rfd1 Rc8 25. Qb2 Rc7 26. Qb3 h5 27. Qb5 g6 28. Qxc6 Rxc6 29. e4 Bh6 30. Rc3 e5 31. Be3 Bxe3 32. Rxe3 Kf8 33. f3 Ke7 34. Rc1 Nc5 35. Ra3 Rc7 36. Kf2 Ne6 37. Ke3 Nd4 38. Rd3 Ke6 39. h4 f5 40. Rxd4 exd4+ 41. Kxd4 fxe4 42. Kxe4 Rc5 43. Kd4 1/2-1/2

[Event "Paul Keres mem (37th)"]
[Site "Richmond CAN"]
[Date "2012.05.21"]
[Round "6.1"]
[White "Yoos, John"]
[Black "Kolbus, Dietmar"]
[Result "1-0"]
[WhiteElo "2378"]
[BlackElo "2322"]
[PlyCount "91"]
[GameId "2160767909509338"]
[EventDate "2012.05.19"]
[EventType "swiss"]
[EventRounds "6"]
[EventCountry "CAN"]

1. e4 c5 2. Nf3 d6 3. d4 cxd4 4. Nxd4 Nf6 5. Nc3 a6 6. Bg5 Nbd7 7. Bc4 b5 8. Bd5 Nxd5 9. Nxd5 Bb7 10. O-O Nb6 11. Re1 g6 12. Qf3 Rg8 13. Rad1 h6 14. Bh4 Rc8 15. c3 g5 16. Bg3 Rg6 17. Nf5 Re6 18. Qd3 Nxd5 19. exd5 Rxe1+ 20. Rxe1 Kd7 21. Qf3 Rc5 22. Ne3 f6 23. a4 Kc8 24. axb5 axb5 25. Qe4 Kb8 26. Qd3 Qc8 27. Rc1 b4 28. c4 f5 29. f4 e6 30. dxe6 Qxe6 31. Rd1 Be4 32. Qd2 g4 33. Qxb4+ Bb7 34. Qd2 Rxc4 35. Nxc4 Qxc4 36. Rc1 Qb5 37. Qc3 Qd7 38. Bf2 Be4 39. Qb4+ Qb7 40. Qa5 Be7 41. Bb6 Bc6 42. b4 Bf6 43. b5 Bxb5 44. Bc7+ Kc8 45. Bd8+ Kd7 46. Rc7+ 1-0

[Event "Paul Keres mem (37th)"]
[Site "Richmond CAN"]
[Date "2012.05.21"]
[Round "6.3"]
[White "Pechisker, Alfred"]
[Black "Orlov, Georgi"]
[Result "1/2-1/2"]
[WhiteElo "2280"]
[BlackElo "2541"]
[PlyCount "68"]
[GameId "2160767909509339"]
[EventDate "2012.05.19"]
[EventType "swiss"]
[EventRounds "6"]
[EventCountry "CAN"]

1. d4 Nf6 2. c4 c5 3. d5 b5 4. cxb5 a6 5. bxa6 Bxa6 6. Nc3 g6 7. e4 Bxf1 8. Kxf1 d6 9. g3 Bg7 10. Kg2 O-O 11. Nf3 Nbd7 12. Re1 Qb6 13. h3 Rfb8 14. Re2 Qa6 15. Rc2 Rb4 16. Qe2 Qb7 17. Bf4 Rb8 18. Rb1 Nh5 19. Bd2 Ne5 20. Nxe5 Bxe5 21. Nd1 Ra4 22. b3 f5 23. bxa4 Qxb1 24. Bc3 f4 25. Bxe5 dxe5 26. Rxc5 Qa1 27. d6 fxg3 28. fxg3 exd6 29. Qc4+ Kh8 30. Rc8+ Rxc8 31. Qxc8+ Kg7 32. Qd7+ Kg8 33. Qe6+ Kg7 34. Qe7+ Kg8 1/2-1/2

[Event "Paul Keres mem (37th)"]
[Site "Richmond CAN"]
[Date "2012.05.21"]
[Round "6.4"]
[White "Piasetski, Leon"]
[Black "Vrana, Rudy"]
[Result "1-0"]
[WhiteElo "2419"]
[BlackElo "2201"]
[PlyCount "65"]
[GameId "2160767909509340"]
[EventDate "2012.05.19"]
[EventType "swiss"]
[EventRounds "6"]
[EventCountry "CAN"]

1. Nf3 c5 2. c4 Nc6 3. d4 cxd4 4. Nxd4 g6 5. e4 Bg7 6. Be3 Nf6 7. Nc3 d6 8. f3 Bd7 9. Qd2 a5 10. b3 Nxd4 11. Bxd4 Bc6 12. Be2 h5 13. Nd5 Bxd5 14. exd5 h4 15. Rc1 Bh6 16. f4 O-O 17. O-O e5 18. dxe6 fxe6 19. Qd3 Kh7 20. Rce1 d5 21. Qe3 dxc4 22. bxc4 b5 23. Ba1 bxc4 24. Qxe6 c3 25. Bxc3 Rc8 26. Be5 Qd5 27. Qh3 Qc5+ 28. Kh1 Ne4 29. Bd3 Nf6 30. Qxh4 Qb6 31. Rf3 Qb4 32. Rh3 Nd5 33. Qxh6+ 1-0

[Event "Paul Keres mem (37th)"]
[Site "Richmond CAN"]
[Date "2012.05.21"]
[Round "6.5"]
[White "Cheng, Jack"]
[Black "Villavieja, Butch"]
[Result "1-0"]
[WhiteElo "2086"]
[BlackElo "2337"]
[PlyCount "51"]
[GameId "2160767909509341"]
[EventDate "2012.05.19"]
[EventType "swiss"]
[EventRounds "6"]
[EventCountry "CAN"]

1. e4 c5 2. Nf3 d6 3. d4 cxd4 4. Nxd4 Nf6 5. Nc3 a6 6. Be2 e5 7. Nb3 Be6 8. O-O Be7 9. Kh1 O-O 10. f4 Qc7 11. f5 Bc4 12. g4 h6 13. g5 hxg5 14. Bxg5 Nbd7 15. Bxc4 Qxc4 16. Qf3 Rfe8 17. Rg1 Bf8 18. Rg3 b5 19. Rag1 b4 20. Nd2 Qc6 21. Bxf6 Nxf6 22. Nd5 Nxd5 23. exd5 Qxc2 24. Qg2 g6 25. Rxg6+ fxg6 26. Qxg6+ 1-0

[Event "Paul Keres mem (37th)"]
[Site "Richmond CAN"]
[Date "2012.05.21"]
[Round "6.7"]
[White "Soliven, Joe"]
[Black "Chan, James"]
[Result "1/2-1/2"]
[WhiteElo "2080"]
[BlackElo "2019"]
[PlyCount "74"]
[GameId "2160767909509343"]
[EventDate "2012.05.19"]
[EventType "swiss"]
[EventRounds "6"]
[EventCountry "CAN"]

1. f4 d5 2. Nf3 Nf6 3. e3 Bg4 4. Be2 Nbd7 5. b3 c6 6. Bb2 Qc7 7. O-O Bxf3 8. Bxf3 e5 9. fxe5 Nxe5 10. g3 Bd6 11. Bg2 O-O-O 12. Nc3 h5 13. e4 h4 14. d4 dxe4 15. Rxf6 gxf6 16. Nxe4 Be7 17. Qe2 Ng6 18. Rf1 hxg3 19. hxg3 Kb8 20. c4 Bd6 21. Qf2 f5 22. Nxd6 Qxd6 23. c5 Qc7 24. d5 cxd5 25. Bxh8 Rxh8 26. Qe3 f4 27. gxf4 Nh4 28. Rf2 Rg8 29. Kf1 Nxg2 30. Rxg2 Rxg2 31. Kxg2 Qd7 32. Kf2 f6 33. Ke2 Kc7 34. Kd2 a6 35. a3 Kc6 36. b4 Qf5 37. Kc3 Qe4 1/2-1/2

[Event "Paul Keres mem (37th)"]
[Site "Richmond CAN"]
[Date "2012.05.21"]
[Round "6.8"]
[White "Awatramani, Janak"]
[Black "Kyriakides, Savvas"]
[Result "1/2-1/2"]
[WhiteElo "2011"]
[BlackElo "2069"]
[PlyCount "110"]
[GameId "2160767909509344"]
[EventDate "2012.05.19"]
[EventType "swiss"]
[EventRounds "6"]
[EventCountry "CAN"]

1. g3 Nf6 2. Bg2 d5 3. d3 e5 4. Nc3 c6 5. e4 Be6 6. h3 Bc5 7. Nge2 O-O 8. O-O Ne8 9. d4 exd4 10. Nxd4 Qd7 11. exd5 Bxh3 12. dxc6 bxc6 13. Nb3 Bb6 14. a4 Nf6 15. Bg5 Bxg2 16. Kxg2 Qf5 17. Bxf6 Qxf6 18. Qf3 Qxf3+ 19. Kxf3 Nd7 20. Rfe1 Rfe8 21. Rxe8+ Rxe8 22. a5 Bc7 23. Kg2 Be5 24. Rd1 Nf6 25. Na4 Kf8 26. f4 Bc7 27. Kf3 Nd5 28. Nac5 Nf6 29. c4 Rd8 30. Rxd8+ Bxd8 31. Nd4 Bxa5 32. Nxc6 Bb6 33. Na4 Bg1 34. b4 Ke8 35. c5 Nd5 36. b5 Nc3 37. Nxc3 Bxc5 38. Ne4 Bg1 39. Nd6+ Kd7 40. Nxf7 Kc7 41. Nce5 Kb6 42. Nd6 Kc5 43. Nec4 Bd4 44. Ke4 g6 45. Kd3 Bg7 46. Nc8 Kxb5 47. Nxa7+ Kc5 48. Nc8 Kd5 49. N8b6+ Ke6 50. Ke4 Bc3 51. Na4 Bb4 52. Nab2 Be1 53. Kf3 g5 54. fxg5 Kf5 55. Nd3 Bxg3 1/2-1/2

[Event "Paul Keres mem (37th)"]
[Site "Richmond CAN"]
[Date "2012.05.21"]
[Round "6.9"]
[White "Kong, Dezheng"]
[Black "Wu, Howard"]
[Result "1/2-1/2"]
[WhiteElo "2108"]
[BlackElo "2154"]
[PlyCount "79"]
[GameId "2160767909509345"]
[EventDate "2012.05.19"]
[EventType "swiss"]
[EventRounds "6"]
[EventCountry "CAN"]

1. d4 Nf6 2. Nf3 c5 3. d5 d6 4. Nc3 g6 5. e4 Bg7 6. Bb5+ Nfd7 7. a4 O-O 8. O-O a6 9. Bd3 Ne5 10. Nxe5 Bxe5 11. Qe2 Nd7 12. f4 Bg7 13. Bd2 Rb8 14. Kh1 Qc7 15. Rfe1 Nb6 16. a5 Nd7 17. Na4 b5 18. axb6 Nxb6 19. Ba5 c4 20. Nxb6 cxd3 21. cxd3 Bd4 22. Rac1 Qa7 23. Nc4 Bd7 24. e5 Rb5 25. b4 Rxd5 26. Ne3 Rb5 27. Rc7 Rb7 28. Nd5 Rxc7 29. Bxc7 Re8 30. exd6 exd6 31. Qxe8+ Bxe8 32. Rxe8+ Kg7 33. Bxd6 Kh6 34. Re7 Qa8 35. Ne3 Qc6 36. Nc4 Qa4 37. Re1 Qc2 38. Ne5 Kg7 39. h3 Qf2 40. Nf3 1/2-1/2

[Event "Paul Keres mem (37th)"]
[Site "Richmond CAN"]
[Date "2012.05.21"]
[Round "6.10"]
[White "Erichsen, Dan"]
[Black "Patterson, Roger"]
[Result "1-0"]
[WhiteElo "2083"]
[BlackElo "2076"]
[PlyCount "25"]
[GameId "2160767909509346"]
[EventDate "2012.05.19"]
[EventType "swiss"]
[EventRounds "6"]
[EventCountry "CAN"]

1. e4 e5 2. Nf3 Nc6 3. Nc3 Nf6 4. d4 exd4 5. Nxd4 Bb4 6. Nxc6 bxc6 7. Bd3 d5 8. exd5 cxd5 9. O-O O-O 10. Bg5 c6 11. a3 Bxc3 12. bxc3 Bg4 13. Bxf6 1-0

[Event "Pere Noel"]
[Site "Montreal CAN"]
[Date "2012.12.26"]
[Round "1.1"]
[White "Zhang, Zhiyuan"]
[Black "Sambuev, Bator"]
[Result "0-1"]
[WhiteElo "2013"]
[BlackElo "2579"]
[PlyCount "146"]
[GameId "2160767909411020"]
[EventDate "2012.12.26"]
[EventType "swiss"]
[EventRounds "5"]
[EventCountry "CAN"]
[SourceTitle "EXT 2022"]
[Source "ChessBase"]
[SourceDate "2021.10.06"]
[SourceVersion "1"]
[SourceVersionDate "2021.10.06"]
[SourceQuality "1"]

1. e4 e5 2. Nf3 Nc6 3. d4 exd4 4. Nxd4 Bc5 5. Be3 Qf6 6. c3 Nge7 7. Nc2 Bb6 8. Bxb6 axb6 9. Ne3 O-O 10. Nd2 d6 11. Bc4 Be6 12. O-O Bxc4 13. Ndxc4 b5 14. Na3 b4 15. Nb5 Rfc8 16. Nd5 Nxd5 17. exd5 Na7 18. Nd4 bxc3 19. bxc3 c5 20. dxc6 bxc6 21. c4 g6 22. Nb3 Rcb8 23. Qd3 Nc8 24. Rfe1 Ne7 25. g3 Ra3 26. Qd4 Qxd4 27. Nxd4 Rb7 28. Re2 Kf8 29. Rd1 Ra4 30. Nb3 Nf5 31. g4 Nh4 32. h3 Re7 33. Rc2 Nf3+ 34. Kf1 Re6 35. Nd4 Nxd4 36. Rxd4 c5 37. Rd3 Ke7 38. f3 Kd7 39. Kf2 Kc7 40. h4 h6 41. Kg3 Re1 42. a3 Ra6 43. Rcc3 Rb6 44. Re3 Rbb1 45. Rxe1 Rxe1 46. f4 Kc6 47. Kf2 Rh1 48. Kg3 f5 49. gxf5 gxf5 50. Rd3 Rc1 51. Rd5 Rc3+ 52. Kg2 Rxc4 53. Rxf5 Re4 54. Kf3 Re8 55. Rf6 c4 56. f5 c3 57. Rg6 Kd5 58. Rg1 Kc4 59. Kf4 d5 60. f6 d4 61. Kf5 d3 62. f7 Rf8 63. Kf6 d2 64. Ke7 Rxf7+ 65. Kxf7 c2 66. Rg4+ Kb3 67. Rg3+ Ka4 68. Kg6 d1=Q 69. Kxh6 c1=Q+ 70. Rg5 Qf4 71. h5 Qdd6+ 72. Kh7 Qxg5 73. h6 Qdxh6# 0-1

[Event "Pere Noel"]
[Site "Montreal CAN"]
[Date "2012.12.26"]
[Round "1.2"]
[White "Leveille, Francois"]
[Black "Sun, Mike"]
[Result "1-0"]
[WhiteElo "2329"]
[BlackElo "1979"]
[PlyCount "47"]
[GameId "2160767909411021"]
[EventDate "2012.12.26"]
[EventType "swiss"]
[EventRounds "5"]
[EventCountry "CAN"]
[SourceTitle "EXT 2022"]
[Source "ChessBase"]
[SourceDate "2021.10.06"]
[SourceVersion "1"]
[SourceVersionDate "2021.10.06"]
[SourceQuality "1"]

1. Nf3 g6 2. e4 Bg7 3. d4 c5 4. d5 d6 5. c4 Nf6 6. Nc3 O-O 7. Bg5 e6 8. Nd2 h6 9. Bh4 Nbd7 10. Be2 exd5 11. cxd5 Re8 12. O-O Rb8 13. a4 a6 14. a5 b5 15. axb6 Qxb6 16. Ra2 Bb7 17. Qc2 Ne5 18. f4 Ned7 19. Nc4 Qc7 20. Bg3 Nb6 21. b3 Nbxd5 22. exd5 Bxd5 23. f5 Ne4 24. Nxd5 1-0

[Event "Pere Noel"]
[Site "Montreal CAN"]
[Date "2012.12.26"]
[Round "1.3"]
[White "Sprumont, Oscar"]
[Black "Voskanyan, Vahagn"]
[Result "0-1"]
[WhiteElo "1954"]
[BlackElo "2214"]
[PlyCount "124"]
[GameId "2160767909411022"]
[EventDate "2012.12.26"]
[EventType "swiss"]
[EventRounds "5"]
[EventCountry "CAN"]
[SourceTitle "EXT 2022"]
[Source "ChessBase"]
[SourceDate "2021.10.06"]
[SourceVersion "1"]
[SourceVersionDate "2021.10.06"]
[SourceQuality "1"]

1. e4 c6 2. d4 d5 3. Nd2 dxe4 4. Nxe4 Nf6 5. Nxf6+ exf6 6. c3 Bd6 7. Bd3 O-O 8. Ne2 Re8 9. O-O Qc7 10. Ng3 Nd7 11. Qc2 Nf8 12. Bd2 c5 13. Be3 c4 14. Bf5 Bxf5 15. Qxf5 Re6 16. Rfe1 Rae8 17. Bd2 Nd7 18. Re3 Rxe3 19. Bxe3 Nb6 20. Re1 Qc6 21. Bd2 Rxe1+ 22. Bxe1 Bxg3 23. hxg3 Qe6 24. Qxe6 fxe6 25. b3 Kf7 26. Kf1 Ke7 27. Ke2 Kd6 28. g4 Kd5 29. f3 a5 30. Bg3 cxb3 31. axb3 a4 32. bxa4 Nxa4 33. Kd3 b5 34. g5 fxg5 35. Be5 Nb2+ 36. Kc2 Nc4 37. Bxg7 Ne3+ 38. Kb3 Nxg2 39. Bh6 Ne1 40. Bxg5 Nxf3 41. Bh6 Nh4 42. Kb4 Nf5 43. Bf4 Kc6 44. Be5 Ne3 45. Bg3 h5 46. Bf2 Nf5 47. c4 bxc4 48. Kxc4 h4 49. Bg1 h3 50. Kd3 Ng3 51. Ke3 h2 52. Bxh2 Nf1+ 53. Ke4 Nxh2 54. Ke5 Kd7 55. d5 Ng4+ 56. Kf4 exd5 57. Kxg4 Kd6 58. Kf3 Kc5 59. Ke3 Kc4 60. Kd2 Kd4 61. Kd1 Kd3 62. Ke1 Kc2 0-1

[Event "Pere Noel"]
[Site "Montreal CAN"]
[Date "2012.12.26"]
[Round "1.4"]
[White "Larochelle, Martial"]
[Black "Gueorguiev, Valentin"]
[Result "1/2-1/2"]
[WhiteElo "2212"]
[BlackElo "1946"]
[PlyCount "68"]
[GameId "2160767909411023"]
[EventDate "2012.12.26"]
[EventType "swiss"]
[EventRounds "5"]
[EventCountry "CAN"]
[SourceTitle "EXT 2022"]
[Source "ChessBase"]
[SourceDate "2021.10.06"]
[SourceVersion "1"]
[SourceVersionDate "2021.10.06"]
[SourceQuality "1"]

1. d4 g6 2. c4 Bg7 3. e4 c5 4. d5 d6 5. Be2 Qa5+ 6. Bd2 Qb6 7. Nc3 f5 8. Rb1 fxe4 9. Nxe4 Nf6 10. Nxf6+ exf6 11. Bd3 O-O 12. Qc2 Nd7 13. Nf3 Re8+ 14. Kf1 Ne5 15. Nxe5 fxe5 16. h4 e4 17. Bxe4 Rxe4 18. Qxe4 Bf5 19. Qe1 Bxb1 20. Qxb1 Qxb2 21. Qxb2 Bxb2 22. Bf4 Rd8 23. Rh3 Bd4 24. Ra3 a6 25. Rb3 Rf8 26. g3 h6 27. f3 b5 28. cxb5 axb5 29. Rxb5 g5 30. hxg5 hxg5 31. Bxd6 Rxf3+ 32. Kg2 g4 33. Bxc5 Rf2+ 34. Kh1 Rf1+ 1/2-1/2

[Event "Pere Noel"]
[Site "Montreal CAN"]
[Date "2012.12.26"]
[Round "1.5"]
[White "Nikulich, Oleksandr"]
[Black "Masse, Hugues"]
[Result "0-1"]
[WhiteElo "1918"]
[BlackElo "2201"]
[PlyCount "86"]
[GameId "2160767909411024"]
[EventDate "2012.12.26"]
[EventType "swiss"]
[EventRounds "5"]
[EventCountry "CAN"]
[SourceTitle "EXT 2022"]
[Source "ChessBase"]
[SourceDate "2021.10.06"]
[SourceVersion "1"]
[SourceVersionDate "2021.10.06"]
[SourceQuality "1"]

1. Nf3 Nf6 2. c4 c5 3. g3 b6 4. Bg2 Bb7 5. Nc3 e6 6. O-O a6 7. b3 Be7 8. Qc2 Qc7 9. Rd1 d6 10. e4 Nbd7 11. d4 cxd4 12. Nxd4 O-O 13. Ba3 Rac8 14. Rac1 Rfd8 15. Qe2 Bf8 16. Rc2 Qb8 17. Bb2 Re8 18. Rcd2 d5 19. cxd5 exd5 20. Nf5 Ne5 21. Nxd5 Bxd5 22. exd5 Nc4 23. Qxc4 Rxc4 24. bxc4 Nd7 25. Bd4 g6 26. Ne3 Qd6 27. Rd3 Bg7 28. Bh3 f5 29. Bxg7 Kxg7 30. Ng2 Ne5 31. Rc3 Rc8 32. Ne3 Kf7 33. Bf1 Nf3+ 34. Kh1 Ng5 35. Bg2 Kg7 36. f4 Nf7 37. Rb3 Qc5 38. Rdd3 Nd6 39. Rdc3 b5 40. Bf1 bxc4 41. Bxc4 Qd4 42. Rc2 Rxc4 43. Nxc4 Qd1+ 0-1

[Event "Pere Noel"]
[Site "Montreal CAN"]
[Date "2012.12.26"]
[Round "1.6"]
[White "Luksza, Arkadiusz"]
[Black "Giroux, Robert"]
[Result "1/2-1/2"]
[WhiteElo "2152"]
[BlackElo "1841"]
[PlyCount "78"]
[GameId "2160767909411025"]
[EventDate "2012.12.26"]
[EventType "swiss"]
[EventRounds "5"]
[EventCountry "CAN"]
[SourceTitle "EXT 2022"]
[Source "ChessBase"]
[SourceDate "2021.10.06"]
[SourceVersion "1"]
[SourceVersionDate "2021.10.06"]
[SourceQuality "1"]

1. d4 Nf6 2. Nf3 e6 3. c4 Bb4+ 4. Bd2 Qe7 5. Nc3 Bxc3 6. Bxc3 Ne4 7. e3 Nxc3 8. bxc3 O-O 9. Bd3 d6 10. O-O e5 11. e4 Bg4 12. h3 Bh5 13. Rb1 c5 14. d5 b6 15. Qe2 Nd7 16. Qe3 Bxf3 17. Qxf3 Qh4 18. Qe3 Rae8 19. Rb3 f5 20. Ra3 f4 21. Qf3 a5 22. Be2 Nf6 23. Qd3 g5 24. f3 h5 25. Qd1 g4 26. Qe1 Qg5 27. Kh1 Kh8 28. Rb3 Rb8 29. Qf2 Rg8 30. Rfb1 Nd7 31. R3b2 gxh3 32. gxh3 h4 33. Rg1 Qxg1+ 34. Qxg1 Rxg1+ 35. Kxg1 Nf6 36. Kf2 Kg7 37. Rb1 Nh5 38. Bd1 Kf6 39. Ba4 Ke7 1/2-1/2

[Event "Pere Noel"]
[Site "Montreal CAN"]
[Date "2012.12.26"]
[Round "1.7"]
[White "Pilotte, Benoit"]
[Black "Yu, Zong Yang"]
[Result "0-1"]
[WhiteElo "1829"]
[BlackElo "2107"]
[PlyCount "108"]
[GameId "2160767909411026"]
[EventDate "2012.12.26"]
[EventType "swiss"]
[EventRounds "5"]
[EventCountry "CAN"]
[SourceTitle "EXT 2022"]
[Source "ChessBase"]
[SourceDate "2021.10.06"]
[SourceVersion "1"]
[SourceVersionDate "2021.10.06"]
[SourceQuality "1"]

1. d4 Nf6 2. Bg5 d5 3. Nf3 Bf5 4. Nc3 Nbd7 5. e3 c6 6. Bd3 Bg6 7. O-O e6 8. Ne5 Bd6 9. f4 Qc7 10. Qf3 Ng8 11. f5 exf5 12. Bxf5 Nxe5 13. dxe5 Bxe5 14. Bf4 Bxf4 15. Qxf4 Qxf4 16. Rxf4 Bxf5 17. Rxf5 Nf6 18. e4 dxe4 19. Re5+ Kf8 20. Nxe4 Nxe4 21. Rxe4 g6 22. Rae1 Kg7 23. Re7 Rab8 24. Rc7 Rhc8 25. Rd7 Rd8 26. Ree7 Rxd7 27. Rxd7 b5 28. Rc7 Rd8 29. Rxc6 Rd1+ 30. Kf2 Ra1 31. Ra6 Rc1 32. b3 Rxc2+ 33. Kf3 Rc7 34. Ra5 Rb7 35. Ke4 Kf6 36. Kd5 Rd7+ 37. Kc6 Rd2 38. Rxa7 Rxg2 39. Kxb5 Rxh2 40. b4 g5 41. Kc4 g4 42. Ra3 Rh3 43. Rd3 h5 44. b5 Rxd3 45. Kxd3 Ke5 46. b6 Kd6 47. a4 h4 48. Ke3 f5 49. Kf2 f4 50. Kf1 Kc6 51. a5 h3 52. Kg1 g3 53. Kh1 f3 54. Kg1 f2+ 0-1

[Event "Pere Noel"]
[Site "Montreal CAN"]
[Date "2012.12.26"]
[Round "1.8"]
[White "Robichaud, Louis"]
[Black "Perna-Fraser, David"]
[Result "1/2-1/2"]
[WhiteElo "2102"]
[BlackElo "1818"]
[PlyCount "113"]
[GameId "2160767909411027"]
[EventDate "2012.12.26"]
[EventType "swiss"]
[EventRounds "5"]
[EventCountry "CAN"]
[SourceTitle "EXT 2022"]
[Source "ChessBase"]
[SourceDate "2021.10.06"]
[SourceVersion "1"]
[SourceVersionDate "2021.10.06"]
[SourceQuality "1"]

1. e4 e5 2. Nf3 Nf6 3. Nxe5 d6 4. Nf3 Nxe4 5. d4 d5 6. Bd3 Bd6 7. O-O O-O 8. c4 c6 9. Nc3 Nxc3 10. bxc3 Nd7 11. cxd5 cxd5 12. Re1 Nf6 13. h3 Re8 14. Bg5 Rxe1+ 15. Qxe1 Be7 16. Rb1 Rb8 17. Bf4 Bd6 18. Bxd6 Qxd6 19. Qe5 Qxe5 20. Nxe5 Nd7 21. Re1 Nxe5 22. Rxe5 Be6 23. f4 g6 24. g4 Rc8 25. f5 gxf5 26. gxf5 Bd7 27. Rxd5 Rxc3 28. Bf1 Bc6 29. Rd8+ Kg7 30. d5 Ba4 31. d6 Kf6 32. d7 Rc7 33. Rh8 Bxd7 34. Rxh7 Bxf5 35. Rh4 Rc2 36. a4 Kg5 37. Rb4 b6 38. Rb5 Rc5 39. Rb4 Bd7 40. h4+ Kh6 41. Kf2 Ra5 42. Bb5 Bxb5 43. axb5 Ra3 44. Rf4 Kg6 45. h5+ Kxh5 46. Rxf7 Kg6 47. Rc7 Kf5 48. Ke2 Ke5 49. Kd2 Kd5 50. Kc2 Kd6 51. Rc6+ Kd7 52. Rh6 Ra5 53. Kc3 Rxb5 54. Rh7+ Kc6 55. Rxa7 Rh5 56. Rg7 Rh3+ 57. Kb4 1/2-1/2

[Event "Pere Noel"]
[Site "Montreal CAN"]
[Date "2012.12.26"]
[Round "1.9"]
[White "Chang, Michael"]
[Black "Castaneda Jimenez, Jhon David"]
[Result "0-1"]
[WhiteElo "1775"]
[BlackElo "2100"]
[PlyCount "44"]
[GameId "2160767909411028"]
[EventDate "2012.12.26"]
[EventType "swiss"]
[EventRounds "5"]
[EventCountry "CAN"]
[SourceTitle "EXT 2022"]
[Source "ChessBase"]
[SourceDate "2021.10.06"]
[SourceVersion "1"]
[SourceVersionDate "2021.10.06"]
[SourceQuality "1"]

1. e4 c5 2. Nf3 Nc6 3. d4 cxd4 4. Nxd4 Nf6 5. Nc3 d6 6. Bg5 e6 7. Be2 Be7 8. O-O a6 9. Kh1 h6 10. Bh4 g5 11. Bg3 e5 12. Nb3 h5 13. f3 h4 14. Bf2 Nh5 15. Nd5 Be6 16. c4 Rc8 17. Rc1 Ng3+ 18. Bxg3 hxg3 19. h3 Bxh3 20. Kg1 Be6 21. Qd2 Bxd5 22. exd5 Kd7 0-1

[Event "Pere Noel"]
[Site "Montreal CAN"]
[Date "2012.12.26"]
[Round "1.10"]
[White "Lopez Linares, Lizandro"]
[Black "Nardone, Raul"]
[Result "1/2-1/2"]
[WhiteElo "2092"]
[BlackElo "1759"]
[PlyCount "41"]
[GameId "2160767909411029"]
[EventDate "2012.12.26"]
[EventType "swiss"]
[EventRounds "5"]
[EventCountry "CAN"]
[SourceTitle "EXT 2022"]
[Source "ChessBase"]
[SourceDate "2021.10.06"]
[SourceVersion "1"]
[SourceVersionDate "2021.10.06"]
[SourceQuality "1"]

1. d4 f5 2. Nf3 Nf6 3. g3 e6 4. Bg2 d5 5. c4 c6 6. O-O Bd6 7. b3 Qe7 8. a4 a5 9. Bb2 O-O 10. Nbd2 Bd7 11. Ne5 Be8 12. Qc2 Na6 13. Rac1 Nb4 14. Qb1 Bh5 15. Ndf3 Ne4 16. Rfd1 Bxe5 17. dxe5 f4 18. Bc3 g5 19. Be1 g4 20. Nd4 Bg6 21. Qa1 1/2-1/2